A neighbourhood renewal project in Dalston, Hackney: towards a new form of partnership for inner city regeneration (Record no. 74073)
[ view plain ]
| 000 -LEADER | |
|---|---|
| fixed length control field | 01332cab a2200277 4500 |
| 001 - CONTROL NUMBER | |
| control field | ABS67462 |
| 008 - FIXED-LENGTH DATA ELEMENTS--GENERAL INFORMATION | |
| fixed length control field | 040126n2003 000 0 eng u |
| 035 ## - SYSTEM CONTROL NUMBER | |
| System control number | (Sirsi) u124906 |
| 100 ## - MAIN ENTRY--PERSONAL NAME | |
| Personal name | Hart, A. |
| 245 #2 - TITLE STATEMENT | |
| Title | A neighbourhood renewal project in Dalston, Hackney: towards a new form of partnership for inner city regeneration |
| 260 ## - PUBLICATION, DISTRIBUTION, ETC. | |
| Date of publication, distribution, etc. | 2003 |
| 490 ## - SERIES STATEMENT | |
| Series statement | Journal of Retail and Leisure Property |
| Volume/sequential designation | 3(3) December 2003, 237-245(9) |
| 520 ## - SUMMARY, ETC. | |
| Summary, etc. | Reviews the prospects for real regeneration of the Bradbury Street area of Dalston, Hackney, rather than the familiar pattern of gentrification, and reports on the ideas that are now being tested in action across the UK, as the agenda for community-led regeneration and social enterprise gains momentum. Looks at propositions for achieving sustainability, the pivotal role of the community sector and focuses on how the private sector can contribute to real inner-city regeneration. References. (TAKEN FROM JOURNAL ABSTRACT). |
| 590 ## - LOCAL NOTE (RLIN) | |
| Local note | ABS |
| 650 ## - SUBJECT ADDED ENTRY--TOPICAL TERM | |
| Topical term or geographic name entry element | AFFORDABLE WORKSPACES |
| 650 ## - SUBJECT ADDED ENTRY--TOPICAL TERM | |
| Topical term or geographic name entry element | SOCIAL ENTERPRISES |
| 650 ## - SUBJECT ADDED ENTRY--TOPICAL TERM | |
| Topical term or geographic name entry element | COMMUNITY PARTICIPATION |
| 650 ## - SUBJECT ADDED ENTRY--TOPICAL TERM | |
| Topical term or geographic name entry element | Sustainability |
| 9 (RLIN) | 6271 |
| 650 ## - SUBJECT ADDED ENTRY--TOPICAL TERM | |
| Topical term or geographic name entry element | DALSTON |
| 650 ## - SUBJECT ADDED ENTRY--TOPICAL TERM | |
| Topical term or geographic name entry element | INNER CITY DEVELOPMENT |
| 650 ## - SUBJECT ADDED ENTRY--TOPICAL TERM | |
| Topical term or geographic name entry element | HACKNEY |
| 650 ## - SUBJECT ADDED ENTRY--TOPICAL TERM | |
| Topical term or geographic name entry element | LONDON |
| 650 ## - SUBJECT ADDED ENTRY--TOPICAL TERM | |
| Topical term or geographic name entry element | NEIGHBOURHOOD RENEWAL |
| 690 ## - LOCAL SUBJECT ADDED ENTRY--TOPICAL TERM (OCLC, RLIN) | |
| Topical term or geographic name as entry element | REGENERATION |
| 942 ## - ADDED ENTRY ELEMENTS (KOHA) | |
| Suppress in OPAC | 0 |
| Withdrawn status | Lost status | Source of classification or shelving scheme | Damaged status | Not for loan | Home library | Current library | Shelving location | Date acquired | Total Checkouts | Full call number | Barcode | Date last seen | Copy number | Price effective from | Koha item type |
|---|---|---|---|---|---|---|---|---|---|---|---|---|---|---|---|
| Dewey Decimal Classification | London | London | Journal article | 26/01/2004 | ABS67462 | 124906-1001 | 06/08/2019 | 1 | 06/08/2019 | Journal article |